House-hunters enticed into agents' webs. (Record no. 61223)

MARC details
000 -LEADER
fixed length control field 00784cam a2200181 4500
001 - CONTROL NUMBER
control field WB3529-27
008 - FIXED-LENGTH DATA ELEMENTS--GENERAL INFORMATION
fixed length control field 000000n1999 000 0 eng u
035 ## - SYSTEM CONTROL NUMBER
System control number (Sirsi) u102132
245 ## - TITLE STATEMENT
Title House-hunters enticed into agents' webs.
260 ## - PUBLICATION, DISTRIBUTION, ETC.
Date of publication, distribution, etc. 1999
490 ## - SERIES STATEMENT
Series statement Weekend Financial Times
Volume/sequential designation 24 July 1999, XV(2)
520 ## - SUMMARY, ETC.
Summary, etc. Looks at the success of the 'Internet Property Finder', a website listing properties available to buy. It has seen its number of visitors quadruple over the last year and now offers properties throughout the UK, not just London. Internet Property Finder: http://www.propertyfinder.co.uk
650 ## - SUBJECT ADDED ENTRY--TOPICAL TERM
Topical term or geographic name entry element HOUSING MARKET
650 ## - SUBJECT ADDED ENTRY--TOPICAL TERM
Topical term or geographic name entry element INTERNET
650 ## - SUBJECT ADDED ENTRY--TOPICAL TERM
Topical term or geographic name entry element ELECTRONIC COMMERCE
690 ## - LOCAL SUBJECT ADDED ENTRY--TOPICAL TERM (OCLC, RLIN)
Topical term or geographic name as entry element MANAGEMENT-BUSINESS MANAGEMENT-INFORMATION MANAGEMENT
942 ## - ADDED ENTRY ELEMENTS (KOHA)
Suppress in OPAC 0
Holdings
Withdrawn status Lost status Source of classification or shelving scheme Damaged status Not for loan Home library Current library Shelving location Date acquired Total Checkouts Full call number Barcode Date last seen Copy number Price effective from Koha item type
    Dewey Decimal Classification     London London News article 16/11/1999   WB3529-27 102132-1001 06/08/2019 1 06/08/2019 News article